Miglior portiere del primo decennio del XXI secolo - Statistics

Statistiche generali
  • Questo quiz è stato fatto 31 volte
  • Il punteggio medio è 6 su 10
Statistiche sulle risposte
Voti Nazione Portiere % Corretto
199 Italia Gianluigi Buffon
100%
197 Spagna Iker Casillas
96%
116 Paesi Bassi Edwin van der Sar
76%
154 Repubblica Ceca Petr Čech
76%
90 Brasile Dida
68%
99 Germania Oliver Kahn
64%
76 Brasile Júlio César
48%
82 Spagna Víctor Valdés
48%
72 Germania Jens Lehmann
20%
68 Argentina Roberto Abbondanzieri
4%
Nessun quiz corrispondente trovato
Distribuzione punteggi
Percentuale di utenti per punteggio
Percentile per numero di risposta
I tuoi punteggi nel tempo
Non hai fatto questo quiz